| 000 | 01267nam a22003017a 4500 | ||
|---|---|---|---|
| 001 | 6995 | ||
| 003 | FISKH | ||
| 005 | 20250709094858.0 | ||
| 008 | 250617b cb ||||| |||| 00| 0 eng d | ||
| 020 | _a9781842367476 | ||
| 040 |
_aFISKH _beng _cFISKH _dFISKH |
||
| 050 | _aQL763.P373 | ||
| 082 | _a591.39 | ||
| 100 | _aParker, Steve | ||
| 245 |
_aBaby animals : _bYoung animals in natural surroundings / _cby Steve Parker ; Illustrated by Ian Jackson |
||
| 260 |
_aBardfield : _bMilkelly, _c2006. |
||
| 300 |
_a24 pages : _bcollor illustrations ; _c19 cm |
||
| 490 | _aThings you know should know about | ||
| 505 | _aP | ||
| 520 | _aIt's hard not to love the cuddly cuteness of some of nature's youngest creatures. This book introduces readers to some lovable baby animals. Uncomplicated captions complement incredibly detailed illustrations of some critters at the cutest stage of their life cycles. Fun fact boxes add excellent tidbits and educational activities for animal lovers to try are included. | ||
| 521 | 8 |
_a600
_bLexile estimate |
|
| 521 | 8 |
_aP
_bRaz-Plus |
|
| 650 |
_aBaby animals _vInformation |
||
| 650 |
_aLife cycle _vLiving things _xNature |
||
| 700 |
_aJackson, Ian _eillustrator |
||
| 942 |
_2ddc _cBK _n0 |
||
| 999 |
_c6995 _d6995 |
||